000 00531nam a2200193Ia 4500
005 20231011100047.0
008 131103s9999 xx 000 0 und d
040 _aLoreto College
041 _aEnglish
082 _a746
_bCHA
100 _aChakraborti,Manindra Kumar
245 _aBatik-o-Tex-Print
_cMandindra Kumar Chakraborti & Lalita Chatterjee
260 _aCalcutta
_bFirma K.L.M.
_c1970
300 _aiv,50 p.
_b illus.
650 _aTextile Printing
700 _aChatterjee,Lalita
850 _aLCLIB
942 _cBK
999 _c17432
_d67911